000 00735nam a2200241 i 4500
001 C2-0332978
003 PPAK
005 20180728133118.0
008 150820s2014 my |||| ||||| | eng d
020 _a9789670610382
040 _aPPAK
_beng
_cPPAK
_erda
082 0 4 _a158.1
_223
090 0 0 _a158.1
_bASH
_dG
100 1 _aAshdown, Annie,
_eauthor
245 1 4 _aThe confidence factor :
_b the 7 secrets of successful people
264 1 _aPetaling Jaya, Selangor :
_bAdvantage Quest Sdn. Bhd. ,
_c2014
300 _axi, 236 pages ;
_c22 cm
336 _2rdacontent
_atext
337 _2rdamedia
_aunmediated
338 _2rdacarrier
_avolume
650 1 0 _aSelf-actualization (Psychology). ; Self-confidence.
942 _ddc
_cB
999 _c131601
_d131601